000 00562nam a2200229Ia 4500
003 OSt
005 20221005124116.0
006 a|||||r|||| 00| 0
007 ta
008 221004b |||||||| |||| 00| 0 rus d
024 _a59383
037 _cTextual
040 _aCRL
_cCRL
_brus
041 _2rus
_arus
082 _aO142,3M68,4, 33J5
100 _aGorky
245 0 _aMaxim gorkiya kathegalu
260 _c1955
650 _aRUSSIAN LITERATURE
942 _hO142,3M68,4, 33J5
_cTEXL
_2cc
999 _c1049487
_d1049487